Score 0/20 Timer 03:00
0 Plays Today
Phrase Book % Correct
Hey _____Jude
92.9%
Bond, _____ BondJames
88%
There is safety in ______Numbers
83.4%
Baby _____Ruth
81.9%
_____ of LeonKings
81.3%
The Italian _____Job
79.9%
Use the force, _____Luke
76.4%
_____ _____ pumpkin eaterPeter
74.6%
_____ was a bullfrogJeremiah
73.4%
The Spiderwick _____Chronicles
72.5%
Phrase Book % Correct
The _____ TreeJoshua
67.6%
Deutsche _____Mark
58.6%
Billy _____Joel
58.4%
Alien and Sedition _____Acts
51.6%
_____ PoundEzra
42.2%
_____ DaltonTimothy
41.8%
_____ F. B. MorseSamuel
37.1%
_____ AndronicusTitus
31.7%
J. _____ JamesonJonah
20.9%
Hyundai _____Genesis
13.5%

Today's Daily Dose

You're not logged in!

Compare scores with friends on all Sporcle quizzes.
OR
Log In

Sporcle TV

Today on Sporcle TV


Watch our educational content, quiz creation guides, and fun videos on Sporcle TV.

Show Comments

Extras

Top Quizzes Today


Score Distribution

Paid Content

Your Account Isn't Verified!

In order to create a playlist on Sporcle, you need to verify the email address you used during registration. Go to your Sporcle Settings to finish the process.

Report this User

Report this user for behavior that violates our Community Guidelines.

Details: